Report on population of the United States at the eleventh census, 1890 /

Bibliographic Details
Format: Government Document eBook
Language:English
Published: [Washington, D.C.] : Department of the Interior : Census Office, [1895-1897]
Subjects:
Online Access:https://purl.fdlp.gov/GPO/gpo128382

MARC

Tag First Indicator Second Indicator Subfields
LEADER 00000cam a2200000 i 4500
001 in00004098043
005 20211120103324.0
006 m o d f
007 cr bn||||||ada
008 160320m18951897dcuab os f000 0 eng c
019 |a 1077744176 
035 |a (OCoLC)ocn945174434 
042 |a dlr  |a pcc 
043 |a n-us--- 
040 |a OCLCE  |b eng  |e rda  |e pn  |c OCLCE  |d OCLCO  |d OCLCQ  |d OCL  |d OCLCA  |d OCLCQ  |d MIGCL  |d UAB  |d OCLCF  |d GPO  |d MvI 
049 |a WWW 
074 |a 9999 (online) 
086 0 |a I 12.5:15/PT.1 
086 0 |a I 12.5:16/PT.2 
245 0 0 |a Report on population of the United States at the eleventh census, 1890 /  |c Department of the Interior, Census Office. 
246 3 |a Eleventh census of the United States, 1890: population 
264 1 |a [Washington, D.C.] :  |b Department of the Interior :  |b Census Office,  |c [1895-1897] 
264 3 |a Washington, D.C. :  |b Government Printing Office,  |c 1895-1897. 
300 |a 1 online resource (2 volumes) :  |b illustrations (some color), color maps 
336 |a text  |b txt  |2 rdacontent 
337 |a computer  |b c  |2 rdamedia 
338 |a online resource  |b cr  |2 rdacarrier 
500 |a Publication pre-dates item numbers. No item number has been assigned. 
588 |a Description based on online resource, PDF version; title from cover (Census, viewed Nov. 12, 2019). 
651 0 |a United States  |v Census, 1890. 
651 0 |a United States  |x Population  |v Statistics. 
650 7 |a Population.  |2 fast  |0 (OCoLC)fst01071476 
651 7 |a United States.  |2 fast  |0 (OCoLC)fst01204155 
648 7 |a 1890  |2 fast 
655 7 |a Census data.  |2 fast  |0 (OCoLC)fst01411644 
655 7 |a Census data.  |2 lcgft 
655 7 |a Statistics.  |2 lcgft 
710 1 |a United States.  |b Department of the Interior,  |e issuing body. 
710 1 |a United States.  |b Census Office,  |e issuing body. 
776 0 8 |i Print version:  |a Eleventh census of the United States.  |t Report on population of the United States at the eleventh census, 1890  |w (OCoLC)9874958 
856 4 0 |u https://purl.fdlp.gov/GPO/gpo128382  |t 0 
999 f f |s f54901ce-1627-3c68-93fc-dd4447f65640  |i 089dce94-e132-3615-8b6f-abf235e77474  |t 0 
952 f f |a Texas A&M University  |b College Station  |c Electronic Resources  |d Available Online  |t 0  |e I 12.5:16/PT.2  |h Superintendent of Documents classification 
998 f f |a I 12.5:16/PT.2  |t 0  |l Available Online